| 000 | 01036cam a2200301 a 4500 | ||
|---|---|---|---|
| 001 | 2977515 | ||
| 005 | 20231201045726.0 | ||
| 008 | 920608s1993 nyuab b 001 0 eng | ||
| 020 | _a0195078233 (acidfree paper) | ||
| 020 | _a0195080351 (pbk. : acidfree paper) | ||
| 040 |
_aDLC _cDLC _dDLC |
||
| 082 | 0 | 0 |
_a305.42/697054 _220 |
| 100 | 1 | _aMinturn, Leigh. | |
| 245 | 1 | 0 |
_aSita's daughters : _bcoming out of Purdah : the Rajput women of Khalapur revisited / _cLeigh Minturn ; with the assistance of Swaran Kapoor. |
| 260 |
_aNew York : _bOxford University Press, _c1993. |
||
| 300 | _axiii, 371 p. : | ||
| 650 | 0 | _aWomen, Rajput | |
| 650 | 0 | _aWomen, Rajput | |
| 650 | 0 | _aWomen, Rajput | |
| 650 | 0 | _aPurdah | |
| 650 | 0 | _aCaste | |
| 650 | 0 | _aDowry | |
| 700 | 1 |
_aKapoor, Swaran. _eedt |
|
| 856 | 4 | 2 | _uhttp://www.loc.gov/catdir/enhancements/fy0602/92022147-d.html |
| 856 | 4 | 1 | _uhttp://www.loc.gov/catdir/enhancements/fy0602/92022147-t.html |
| 856 | 4 | 2 | _uhttp://www.loc.gov/catdir/enhancements/fy0726/92022147-b.html |
| 942 | _cL | ||
| 999 |
_c114 _d114 |
||